000 00558nam a22001817a 4500
005 20231127110504.0
008 231127b |||||||| |||| 00| 0 eng d
020 _a0297994824 ; 0297786679
041 _aEnglish
082 _a340.1 TWI
100 _aTwining, W
_lEnglish
245 _aKarl Llewellyn and the Realist Movement /
_cW Twining
250 _aFirst Edition
260 _aLondon :
_bWeidenfeld and Nicolson,
_c1973
300 _bxiv, 574 pages ;
_c23 cm.
650 _aLegal practice
_bLaw
942 _cBK
_6ALISON_BN_VRIES
999 _c979
_d979